|
|
|
|
| LEADER |
00000nab a2200000 a 4500 |
| 001 |
vtls008182925 |
| 003 |
SK-MaSNL |
| 005 |
20260304135013.0 |
| 008 |
250505c2005 xo |r|p|||an |000 b|slo |
| 015 |
|
|
|a SNBRB2005/07
|
| 035 |
|
|
|a (uuid)3ab00b64-f137-4df4-90da-53f28483eede
|
| 035 |
|
|
|a urn:nbn:sk:snk-ab9ttm
|
| 035 |
|
|
|a (urnnbn)urn:nbn:sk:snk:ar-a08urd
|
| 038 |
|
|
|a SPK
|
| 040 |
|
|
|a SNKBUCL
|b slo
|c SNKBUCL
|e AACR2
|
| 041 |
0 |
|
|a slo
|b eng
|b slo
|
| 044 |
|
|
|a xo
|c SK
|
| 080 |
|
|
|a 004
|2 1997
|
| 080 |
|
|
|a 378.4
|x (437.6 Nitra, UKF)
|2 1997
|
| 100 |
1 |
|
|a Brečka, Peter,
|d 1978-
|4 aut
|9 209735
|
| 245 |
1 |
0 |
|a E-learningové prostredie MS Class server v podmienkach Univerzity Konštantína Filozofa v Nitre
|c Peter Brečka, Michal Munk, Drahoslav Lančarič
|
| 300 |
|
|
|b Tab.
|
| 504 |
|
|
|a Bibliogr. odkazy
|
| 546 |
|
|
|a Res. angl., slov.
|
| 610 |
2 |
7 |
|a Univerzita Konštantína Filozofa v Nitre
|2 spk
|9 123721
|
| 650 |
0 |
7 |
|a e-learning
|2 spk
|9 28660
|
| 700 |
1 |
|
|a Munk, Michal,
|d 1979-
|4 aut
|9 206408
|
| 700 |
1 |
|
|a Lančarič, Drahoslav,
|d 1980-
|4 aut
|9 222122
|
| 773 |
0 |
|
|t Technológia vzdelávania
|g Roč. XIII., č. 4(2005)
|g Č. 3 (2005), s. 14-15
|x 1335-003X
|
| 773 |
0 |
|
|t Slovenský učiteľ
|g Roč. XIII., č. 4(2005)
|g Č. 3 (2005), s. 14-15
|x 1335-003X
|
| 850 |
|
|
|a Slovenská národná knižnica
|
| 852 |
|
|
|a Slovenská národná knižnica
|
| 954 |
|
|
|a odborná, vedecká literatúra pôvodná (slovenská)
|2 lita
|
| 958 |
|
|
|a article13
|
| 958 |
|
|
|a NB
|
| 958 |
|
|
|a OND
|
| 958 |
|
|
|a EUIPO
|
| 999 |
|
|
|c 2909040
|d 2910970
|